• 首页
  • 本馆介绍
  • 公告通知
  • 最新文献
  • 馆藏检索
  • 电子资源
  • 读者导购
  • 参考咨询
  • 我的图书馆
  • 登录
  • 详细信息显示
  • 放入我的书架
  • 预约/预借图书
  • 作者相关作品
  • 分类相关作品
  • 丛书相关作品
  • 出版社相关作品

书目信息

  • 表格格式
  • 工作单格式
  • 卡片格式
题名:
草法金针
    
 
作者: 黄忠龠 , 黄湘驯 编著
分册:  
出版信息: 长沙   湖南美术出版社  1986
页数: 132页
开本: 26cm
丛书名:
单 册:
中图分类: J292.34
科图分类:
主题词: 草书-书法--中国--现代 , 书法--中国 , 篆刻--中国 , 书法-草书--中国--现代
电子资源:
ISBN:
000 00785nam0 2200277 45
001 0186005829
005 20060421085356.65
010    @dCNY1.95
091    @a8233.931
100    @a19951112d1986 em y0chiy0121 ea
101 0  @achi
102    @aCN@b430000
105    @ay z 000yy
200 10 @a草法金针@Acao fa jin zhen@f黄忠龠,黄湘驯编著@Fhuang zhong yue,huang xiang xun bian zhu
210    @a长沙@c湖南美术出版社@d1986
215    @a132页@d26cm
606    @a草书-书法@y中国@z现代
606 0  @a书法@x中国
606 0  @a篆刻@x中国
606    @a书法-草书@y中国@z现代
690    @aJ292.34@v4
701  0 @a黄忠龠@Ahuang zhong yue@4编著
701  0 @a黄湘驯@Ahuang xiang xun@4编著
801  2 @aCN@bNLC@c20060421
801  0 @aCN@b深圳图书馆@c20040520
905    @dJ292.34@e140
    
    草法金针/黄忠龠,黄湘驯编著.-长沙:湖南美术出版社,1986
    132页;26cm
    
    
    ISBN :CNY1.95
    
●
相关链接 在E读中查询图书 在五车中查询图书 在当当中查询图书 在豆瓣中查询图书


正题名:草法金针     索取号:J292.34/140         预约/预借

序号 登录号 条形码 馆藏地/架位号 状态 备注
1 0171433   202276358   密集书库/ [索取号:J292.34/140] 在馆    
2 0171434   000794616   第一借阅区/ [索取号:J292.34/140] 在馆    
3 0171435   000794643   第一样本阅览室/ [索取号:J292.34/140] 在馆    
唐山师范学院图书馆 欢迎您!
大连网信软件有限公司© 版权所有